Catálogo - Centro de Recursos para el Aprendizaje y la Investigación

Volver al Sitio - CRAI Biblioteca

De Trujillo a Fernández Domínguez y Caamaño : (Registro nro. 114342)

Detalles MARC
000 -CABECERA
campo de control de longitud fija 02504nam a2200289 4500
001 - NÚMERO DE CONTROL
campo de control 114342
003 - IDENTIFICADOR DEL NÚMERO DE CONTROL
campo de control DR-UNIBE
005 - FECHA Y HORA DE LA ÚLTIMA TRANSACCIÓN
campo de control 20260129110517.0
008 - DATOS DE LONGITUD FIJA--INFORMACIÓN GENERAL
campo de control de longitud fija 260129b2013 dr ||||| |||| 00| 0 spa d
020 ## - NÚMERO INTERNACIONAL ESTÁNDAR DEL LIBRO
Número Internacional Estándar del Libro 9789945165296
040 ## - FUENTE DE LA CATALOGACIÓN
Centro catalogador/agencia de origen BIBLIOTECA UNIBE
Centro/agencia transcriptor BIBLIOTECA UNIBE
Lengua de catalogación spa
Normas de descripción rda
041 ## - CÓDIGO DE LENGUA
Código de lengua del texto/banda sonora o título independiente spa
082 ## - NÚMERO DE LA CLASIFICACIÓN DECIMAL DEWEY
Número de clasificación RD 972.93053 R139d
100 10 - ENTRADA PRINCIPAL--NOMBRE DE PERSONA
Nombre de persona Raful Tejada, Tony,
Fechas asociadas al nombre 1951-
9 (RLIN) 24120
Término indicativo de función/relación autor
245 13 - MENCIÓN DE TÍTULO
Título De Trujillo a Fernández Domínguez y Caamaño :
Resto del título el azar como categoría histórica (1930-1965) /
Mención de responsabilidad, etc. Tony Raful
250 ## - MENCIÓN DE EDICIÓN
Mención de edición Primera edición
260 ## - PUBLICACIÓN, DISTRIBUCIÓN, ETC.
Lugar de publicación, distribución, etc. Santo Domingo :
Nombre del editor, distribuidor, etc. Editora Búho,
Fecha de publicación, distribución, etc. 2013
300 ## - DESCRIPCIÓN FÍSICA
Extensión 397 páginas :
Otras características físicas fotos b/n ;
Dimensiones 22 x15 cm
500 ## - NOTA GENERAL
Nota general Información del autor en las solapas, comentario de la obra en la contraportada
505 ## - NOTA DE CONTENIDO CON FORMATO
Nota de contenido con formato Dedicatoria |<br/>Agradecimientos |<br/>Introito al método en el cisne negro |<br/>Notas preliminares de un ensayo plural |<br/>Capítulo I. Prolegómenos del poder absoluto y caída ética de una nación |<br/>Capítulo II. El estado del delincuente |<br/>Capítulo III. Trasiegos en busca de la aurora |<br/>Capítulo IV. El rechazo de Kennedy a golpe, nuevas tentativas |<br/>Capítulo V. Sangre en la cordillera |<br/>Capítulo VI. Magnicidio de Kennedy ayudó al triunvirato |<br/>Capítulo VII. Discípulos de Bosch multiplican la conspiración |<br/>Capítulo VIII. El destino asedia la historia |<br/>Capítulo IX. La ciudad en llamas |<br/>Capítulo X. Guerra civil, guerra patria |<br/>Capítulo XI. La fórmula Guzman en la hoguera de mayo |<br/>Capítulo XII. El misterio y la caída de Fernández Domínguez |<br/>Capítulo XIII. Caamaño invita a comunistas a romper el cerco|<br/>Capítulo XIV. La intervención militar norteamericana, el comunismo y el Che Guevara en Santo Domingo |<br/>Capítulo XV. La carta de Fidel de López Molina, quejándose de que Fidel no interviniera en la Guerra de Abril 1965 |<br/>Capítulo XVI. Caamaño |<br/>Capítulo XVII. ¿Realismo mágico o lo real maravilloso en el gobierno de Caamaño? |<br/>Capítulo XVIII. Lectura futura del pasado |<br/>Resumen y conclusiones |<br/>Citas |<br/>Documentos anexos |<br/>Bibliografía
651 #7 - PUNTO DE ACCESO ADICIONAL DE MATERIA--NOMBRE GEOGRÁFICO
Fuente del encabezamiento o término lemb
Nombre geográfico República Dominicana
Subdivisión general Historia
-- Era de Trujillo 1930-1961
9 (RLIN) 193440
651 #7 - PUNTO DE ACCESO ADICIONAL DE MATERIA--NOMBRE GEOGRÁFICO
Fuente del encabezamiento o término lemb
Nombre geográfico República Dominicana
Subdivisión general Historia
-- Revolución de abril 165
9 (RLIN) 201910
651 #7 - PUNTO DE ACCESO ADICIONAL DE MATERIA--NOMBRE GEOGRÁFICO
Fuente del encabezamiento o término lemb
Nombre geográfico República Dominicana
Subdivisión general Historia
-- Movimiento 14 de junio 1959
9 (RLIN) 201911
651 #7 - PUNTO DE ACCESO ADICIONAL DE MATERIA--NOMBRE GEOGRÁFICO
Fuente del encabezamiento o término lemb
Nombre geográfico República Dominicana
Subdivisión general Historia
Subdivisión cronológica 1930-1965
9 (RLIN) 201912
700 10 - PUNTO DE ACCESO ADICIONAL--NOMBRE DE PERSONA
Nombre de persona Deschamps, Alexandra
9 (RLIN) 56287
Término indicativo de función/relación diagramador
-- cubierta
942 ## - ELEMENTOS DE PUNTO DE ACCESO ADICIONAL (KOHA)
Fuente del sistema de clasificación o colocación Sistema de Clasificación Decimal Dewey
Tipo de ítem Koha Libro (general)
Existencias
Estado de retiro Estado de pérdida Fuente del sistema de clasificación o colocación No para préstamo Código de colección Localización permanente Fecha de adquisición Total de préstamos Signatura topográfica completa Código de barras Fecha visto por última vez Número de copia Precio válido a partir de Tipo de ítem Koha
  Disponible Sistema de Clasificación Decimal Dewey   General - Libros dominicanos Biblioteca Central UNIBE 12/11/2025   RD 972.93053 R139d 260057 29/01/2026 Ej. 1 29/01/2026 Libro (general)